Statistiken für Borussia Mönchengladbach - Bundesliga-Rekordspieler (TOP 50)

Klicken Sie hier um das Quiz zu spielen!

Allgemein

  • Dieses Quiz wurde 49 mal gespielt
  • Das Durchschnittsergebnis liegt bei 23 aus 50

Antwortstatistiken

PlatzNameNationGeburtstagEinsätze% Korrekt
4Patrick HerrmannDeutschland12.02.1991343
86%
11Yann SommerSchweiz17.12.1988272
83%
20Günter NetzerDeutschland / Schweiz14.09.1944230
79%
1Berti VogtsDeutschland30.12.1946419
76%
25Lars StindlDeutschland26.08.1988222
76%
9Jupp HeynckesDeutschland09.05.1945283
74%
17Tony JantschkeDeutschland07.04.1990243
74%
50Alassane PleaFrankreich / Mali10.03.1993152
71%
21Nico ElvediSchweiz30.09.1996230
71%
30Stefan EffenbergDeutschland02.08.1968191
69%
22Christoph KramerDeutschland19.02.1991229
67%
33Jonas HofmannDeutschland14.07.1992184
64%
16Oscar WendtSchweden24.10.1985244
64%
42RaffaelBrasilien / Italien28.03.1985164
64%
2Uwe KampsDeutschland12.06.1964390
64%
46Juan ArangoVenezuela / Spanien16.05.1980155
62%
39Allan SimonsenDänemark15.12.1952178
57%
45Roel BrouwersNiederlande28.11.1981156
57%
7Wolfgang KleffDeutschland16.11.1946321
57%
34Filip DaemsBelgien31.10.1978183
55%
8Hans-Jörg CriensDeutschland16.12.1960290
55%
31Herbert LaumenDeutschland11.08.1943186
55%
44Lothar MatthäusDeutschland21.03.1961162
55%
19Rainer BonhofDeutschland29.03.1952231
55%
3Herbert WimmerDeutschland09.11.1944366
45%
24Uwe RahnDeutschland21.05.1962227
45%
6Hans-Günter BrunsDeutschland15.11.1954331
43%
15Ewald LienenDeutschland28.11.1953244
40%
49Havard NordtveitNorwegen21.06.1990152
40%
47Matthias GinterDeutschland19.01.1994154
40%
48Frank MillDeutschland23.07.1958153
38%
40Patrik AnderssonSchweden18.08.1971174
38%
13Wilfried HannesDeutschland17.05.1957261
38%
32Horst KöppelDeutschland17.05.1948184
36%
5Christian HochstätterDeutschland19.10.1963339
29%
26Christian KulikDeutschland06.12.1952220
29%
23Frank SchäfferDeutschland06.07.1952228
29%
28Winfried SchäferDeutschland10.01.1950211
29%
27Michael FrontzeckDeutschland26.03.1964213
26%
41Bernd KraussÖsterreich / Deutschland08.05.1957167
24%
38Dietmar DannerDeutschland29.11.1950179
24%
29Karlheinz PflipsenDeutschland31.10.1970197
24%
37Hans-Jürgen WittkampDeutschland23.07.1947179
21%
18Peter WynhoffDeutschland29.10.1968240
21%
14Jörg NeunDeutschland07.05.1966257
19%
10Michael KlinkertDeutschland07.07.1968274
19%
12Martin SchneiderDeutschland24.11.1968266
14%
43Norbert RingelsDeutschland16.09.1956163
14%
36Thomas EichinDeutschland09.10.1966180
10%
35Thomas KastenmaierDeutschland31.05.1966182
10%

Verteilung der Resultate

Perzentil nach korrekt beantworteten Fragen

Anzahl Personen mit jedem Resultat

Ihre Resultats-Entwicklung

Sie haben dieses Quiz noch nicht gespielt